• 首页
  • 本馆介绍
  • 公告通知
  • 最新文献
  • 馆藏检索
  • 电子资源
  • 读者导购
  • 参考咨询
  • 我的图书馆
  • 登录
  • 详细信息显示
  • 放入我的书架
  • 预约/预借图书
  • 作者相关作品
  • 分类相关作品
  • 丛书相关作品
  • 出版社相关作品

书目信息

  • 表格格式
  • 工作单格式
  • 卡片格式
题名:
中华人民共和国财会法典
    
 
作者: ;法律出版社 编
分册:  
出版信息: 北京   法律出版社  2015
页数: 630页
开本: 23cm
丛书名:
单 册:
中图分类: D922.209
科图分类:
主题词: 财政法--Cai Zheng Fa--中国--汇编 , 会计法--Hui Ji Fa--中国--汇编
电子资源:
ISBN: 978-7-5118-7372-9
000 00979nam0 22002651 450
001 0101082555
005 20161201102112.46
010    @a978-7-5118-7372-9@dCNY88.00
100    @a20150310d2015 em y0chiy50 ea
101 0  @achi
102    @aCN@b110000
105    @ay n 000yy
106    @ar
200 1  @a中华人民共和国财会法典@AZhong Hua Ren Min Gong He Guo Cai Hui Fa Dian@dFinance and accounting laws and regulations of China@f法律出版社法规中心编@zeng
210    @a北京@c法律出版社@d2015
215    @a630页@d23cm
300    @a中华人民共和国分类法典(应用版) 25
330    @a本书涵盖财会相关领域重要的法律、行政法规、部门规章、规范性文件等。
510 1  @aFinance and accounting laws and regulations of China@zeng
606 0  @a财政法@ACai Zheng Fa@y中国@j汇编
606 0  @a会计法@AHui Ji Fa@y中国@j汇编
690    @aD922.209@v5
711 02 @a法律出版社@AFa Lv Chu Ban She@b法规中心@4编
801  0 @aCN@bTANGWEI@c20161128
905    @b0952609-12@dD922.209@e1469@f4
    
    中华人民共和国财会法典=Finance and accounting laws and regulations of China/法律出版社法规中心编.-北京:法律出版社,2015
    630页;23cm
    中华人民共和国分类法典(应用版) 25
    
    ISBN 978-7-5118-7372-9:CNY88.00
    本书涵盖财会相关领域重要的法律、行政法规、部门规章、规范性文件等。
●
相关链接 在E读中查询图书 在五车中查询图书 在当当中查询图书 在豆瓣中查询图书


正题名:中华人民共和国财会法典     索取号:D922.209/1469         预约/预借

序号 登录号 条形码 馆藏地/架位号 状态 备注
1 0952609   209526093   第一样本阅览室/ [索取号:D922.209/1469] 在馆    
2 0952610   209526100   第一借阅区/ [索取号:D922.209/1469] 在馆    
3 0952611   209526119   第一借阅区/ [索取号:D922.209/1469] 在馆    
4 0952612   209526128   第一借阅区/ [索取号:D922.209/1469] 在馆    
唐山师范学院图书馆 欢迎您!
大连网信软件有限公司© 版权所有